Cancionero popular / (Record no. 187486)
[ view plain ]
| 000 -LEADER | |
|---|---|
| campo de control de longitud fija | 00701nam a2200217 i 4500 |
| 001 - NÚMERO DE CONTROL | |
| campo de control | 187486 |
| 003 - IDENTIFICADOR DE NÚMERO DE CONTROL | |
| campo de control | ES-MaACL |
| 005 - FECHA Y HORA DE LA ÚLTIMA TRANSACCIÓN | |
| campo de control | 20250612063108.0 |
| 008 - DATOS DE LONGITUD FIJA--INFORMACIÓN GENERAL | |
| campo de control de longitud fija | 170823s1989 sp |||| | spa d |
| 080 ## - NÚMERO DE LA CLASIFICACIÓN DECIMAL UNIVERSAL | |
| Número de la Clasificación Decimal Universal | 84-7273-140-5 |
| 100 1# - ENTRADA PRINCIPAL--NOMBRE DE PERSONA | |
| Nombre de persona | Gil, Bonifacio, |
| Fechas asociadas al nombre | 1898-1964 |
| 9 (RLIN) | 56719 |
| 245 10 - MENCIÓN DEL TÍTULO | |
| Título | Cancionero popular / |
| Mención de responsabilidad, etc. | Bonifacio Gil y Manuel García-Matos. |
| 260 ## - PUBLICACIÓN, DISTRIBUCIÓN, ETC. | |
| Lugar de publicación, distribución, etc. | Madrid : |
| Nombre del editor, distribuidor, etc. | Giner, |
| Fecha de publicación, distribución, etc. | 1989. |
| 300 ## - DESCRIPCIÓN FÍSICA | |
| Extensión | 923 p. : |
| Otras características físicas | il., mús. ; |
| Dimensiones | 28 cm. |
| 490 1# - MENCIÓN DE SERIE | |
| Mención de serie | Enciclopedia de Madrid ; |
| Designación de volumen o secuencia | 3 |
| 650 #4 - PUNTO DE ACCESO ADICIONAL DE MATERIA--TÉRMINO DE MATERIA | |
| Término de materia o nombre geográfico como elemento de entrada | Canciones populares- |
| Subdivisión geográfica | Madrid. |
| 9 (RLIN) | 163538 |
| 700 0# - ENTRADA AGREGADA--NOMBRE PERSONAL | |
| Nombre de persona | García Matos, Manuel. |
| 9 (RLIN) | 54926 |
| 830 0# - PUNTO DE ACCESO ADICIONAL DE SERIE-TÍTULO UNIFORME | |
| Título uniforme | Enciclopedia de Madrid ; |
| Designación de volumen o secuencia | 3 |
| 9 (RLIN) | 188720 |
| 852 ## - LOCALIZACIÓN | |
| Ubicación | ES-MaACL |
| Número de control de estantería | P-606 (3) |
| Estatus retirado | Estado de pérdida | Estado de daño | No para préstamo | Biblioteca de origen | Biblioteca actual | Ubicación en estantería | Fecha de adquisición | Fuente de adquisición | Total de préstamos | Signatura topográfica completa | Código de barras | Visto por última vez | Precio de reemplazo | Tipo de ítem Koha |
|---|---|---|---|---|---|---|---|---|---|---|---|---|---|---|
| Biblioteca del Ateneo de Madrid | Biblioteca del Ateneo de Madrid | Depósito 2 | 23/08/2017 | P-606 (3) | 1197953 | 23/02/2023 | 23/02/2023 | Libro impreso |
